| 000 | 00662cab a2200229 4500 | ||
|---|---|---|---|
| 001 | ABS53096 | ||
| 008 | 090401t1995 xxu||||| |||| 00| 0 eng d | ||
| 035 | _a(Sirsi) u2013 | ||
| 041 | _aeng | ||
| 100 | _aWilliams, B. | ||
| 245 | _aOutsourcing: an independent view | ||
| 260 | _c1995 | ||
| 350 | _a0 | ||
| 490 |
_aProperty Review _v5(5) June 1995, 145-147(3) |
||
| 520 | _aLooks at the growing trend towards outsourcing from an economic and managerial viewpoint. | ||
| 650 |
_aFACILITIES MANAGEMENT _96240 |
||
| 650 | _aOFFICE MANAGEMENT | ||
| 650 | _aOUTSOURCING | ||
| 690 | _aOFFICE SERVICES AND ADMINISTRATION | ||
| 942 | _n0 | ||
| 948 | _c04/03/1997 | ||
| 999 |
_c1194 _d1194 |
||